Quiz o Hiszpanii - Statystyki

Ogólne statystyki
  • Ten quiz został rozwiązany 95 razy
  • Średni wynik to 7 z 16
Statystyki odpowiedzi
Pytanie Odpowiedź % Poprawnych
Jaka jest obecna stolica Hiszpanii? Madryt
91%
Jaki jest najmniejszy pod względem powierzchni lądowy sąsiad Hiszpanii? Andora
80%
Jakie jest drugie największe pod względem ludności w Hiszpanii? Barcelona
79%
Jaki jest największy pod względem powierzchni lądowy sąsiad Hiszpanii? Francja
79%
Jakie jest trzecie największe pod względem ludności w Hiszpanii? Walencja
49%
Kto jest królem Hiszpanii? Filip VI
48%
Do jakiego morza Hiszpania ma dostęp na wschodzie? Morze Śródziemne
48%
Liczba ludności (w milionach) 47 mln
45%
Jaka jest pełna nazwa Hiszpanii? Królestwo Hiszpanii
40%
Jak nazywają się jednostki podziału administracyjnego Hiszpanii? (czyli coś typu województwa) Prowincje
31%
Jaka jest najdłuższa rzeka w Hiszpanii? Tag
24%
Ile jest jednostek podziału administracyjnego Hiszpanii? 50
20%
Kto jest premierem Hiszpanii? Pedro Sánchez
18%
Jaka jest najwyższa góra Hiszpanii (na Wyspach Kanaryjskich)? Teide
11%
Jaka jest najwyższa góra Hiszpanii? (nie na Wyspach Kanaryjskich Mulhacén
4%
Kto jest ministrem obrony Hiszpanii? Margarita Robles
0%
Nie znaleziono quizów pasujących do podanych kryteriów
Rozkład punktacji
Procent ludzi z każdym wynikiem
Percentyl według liczby udzielonych odpowiedzi
Twoja historia wyników
Nie rozwiązałeś tego quizu